Oxid uhličitý ako indikátor prostredia v ošipárňach

Bibliographic Details
Main Authors: Para, Ľudovít, 1940- (Author), Ondrašovič, Miloslav, 1947- (Author), Ondrašovičová, Oľga, 1951-2014 (Author), Juriš, Peter, 1956- (Author), Hromada, R. (Author), Veszelits Laktičová, Katarína, 1979- (Author)
Format: Article
Language:Slovak
PhysicalDescription:Obr., tab.
ISSN:1335-0099
Subjects:

MARC

LEADER 00000nab a2200000 a 4500
001 vtls008409275
003 SK-MaSNL
005 20260305020231.0
008 250505c2005 xo mr|p|||||||000 b|slo
015 |a SNBRB2005/11  |2 snkbucl 
035 |a (uuid)5e84fef2-e240-4068-ac03-f78fc507358c 
035 |a urn:nbn:sk:snk-abvpq 
035 |a (urnnbn)urn:nbn:sk:snk:ar-a03t4k 
038 |a SNKBUCL 
040 |a SNKBUCL  |b slo  |c SNKBUCL  |e AACR2 
041 0 |a slo  |b eng  |b slo 
044 |a xo  |c SK 
080 |a 614.94:628.8  |2 1997 
080 |a 631.22:628.8  |2 1997 
080 |a 628.8  |2 1997 
080 |a 614.71  |2 1997 
245 0 0 |a Oxid uhličitý ako indikátor prostredia v ošipárňach  |c Ľ. Para ... [et al.] 
300 |b Obr., tab. 
546 |a Res. angl., slov. 
650 0 7 |a ošipárne  |2 snkbucl  |9 931503 
650 0 7 |a bioklíma  |2 snkbucl  |9 926147 
650 0 7 |a ovzdušie  |2 snkbucl  |9 27254 
650 0 7 |a oxid uhličitý  |2 snkbucl  |9 17291 
650 0 7 |a vetranie  |2 snkbucl  |9 277746 
700 1 |a Para, Ľudovít,  |d 1940-  |4 aut  |9 27264 
700 1 |a Ondrašovič, Miloslav,  |d 1947-  |4 aut  |9 108842 
700 1 |a Ondrašovičová, Oľga,  |d 1951-2014  |4 aut  |9 194466 
700 1 |a Juriš, Peter,  |d 1956-  |4 aut  |9 12993 
700 1 |a Hromada, R.  |4 aut  |9 399294 
700 1 |a Veszelits Laktičová, Katarína,  |d 1979-  |4 aut  |9 197818 
773 0 |t Slovenský veterinársky časopis = Slovak veterinary journal  |g Roč. XXX, č. 3 (2005), s. 176-178  |x 1335-0099 
850 |a Slovenská národná knižnica 
852 |a Slovenská národná knižnica 
954 |a odborná, vedecká literatúra pôvodná (slovenská)  |2 lita 
958 |a article27 
958 |a MI 
958 |a OND 
958 |a EUIPO 
999 |c 3279613  |d 3281543